| 000 | 00418nam a22001457a 4500 | ||
|---|---|---|---|
| 005 | 20180123095902.0 | ||
| 008 | 180123b xxu||||| |||| 00| 0 eng d | ||
| 040 | _cPK-LaUMT | ||
| 082 |
_aPKAC 297.082 _bSAD-A |
||
| 100 | _aAl Sadiq ul Mehdi | ||
| 245 |
_aAl Marat wa haqooqaha fil Islam(المراۃ وحقوقھا فی السلام)/ _cAl Sadiq ul Mehdi |
||
| 260 |
_a[ ] _b[ ] _c1985 |
||
| 300 | _a54 | ||
| 942 | _cBK | ||
| 999 |
_c101990 _d101990 |
||